Economic development (Record no. 2613)

000 -LEADER
fixed length control field 00554nam a22002177a 4500
001 - CONTROL NUMBER
control field 2613
003 - CONTROL NUMBER IDENTIFIER
control field BD-DhUET
008 - FIXED-LENGTH DATA ELEMENTS--GENERAL INFORMATION
fixed length control field 140928b xxu||||| |||| 00| 0 eng d
020 ## - INTERNATIONAL STANDARD BOOK NUMBER
International Standard Book Number 9788177584868
040 ## - CATALOGING SOURCE
Transcribing agency 0
Modifying agency BD-DhUET
082 ## - DEWEY DECIMAL CLASSIFICATION NUMBER
Classification number 338.9
Item number TOD/2003
100 ## - MAIN ENTRY--PERSONAL NAME
Personal name Todaro, Michael P.
245 ## - TITLE STATEMENT
Title Economic development
250 ## - EDITION STATEMENT
Edition statement 8th ed.
260 ## - PUBLICATION, DISTRIBUTION, ETC. (IMPRINT)
Place of publication, distribution, etc. New Delhi
Name of publisher, distributor, etc. Pearson Education
Date of publication, distribution, etc. 2003
300 ## - PHYSICAL DESCRIPTION
Extent 863 p.
Other physical details ill.
Dimensions 25 cm.
504 ## - BIBLIOGRAPHY, ETC. NOTE
Bibliography, etc Includes bibliographies
650 #0 - SUBJECT ADDED ENTRY--TOPICAL TERM
Topical term or geographic name as entry element Economic development
700 ## - ADDED ENTRY--PERSONAL NAME
Personal name Smith, Stephen C.
942 ## - ADDED ENTRY ELEMENTS (KOHA)
Koha item type General Book
Holdings
Source of classification or shelving scheme Lost status Copy number Koha renewals Shelving location Koha date last seen Koha normalized classification for sorting Koha full call number Location (home branch) Piece designation (barcode) Date acquired Price effective from Koha item type Withdrawn status Damaged status Koha issues (times borrowed) Koha out on loan Sublocation or collection (holding branch) Not for loan Koha date last borrowed
  1 Circulation section2024-06-12338_900000000000000_TOD_2003338.9/TOD/2003Central Library, BUET1050332014-09-282014-09-28General Book  3 Central Library, BUET 2023-12-04
  2 Circulation section2016-02-06338_000000000000000_9TOD2003338.9/TOD/2003Central Library, BUET1017862014-09-282014-09-28General Book    Central Library, BUET  
  31Circulation section2016-02-08338_000000000000000_9TOD2003338.9/TOD/2003Central Library, BUET1017872014-09-282014-09-28General Book    Central Library, BUET  
  4 Circulation section2016-01-30338_900000000000000_TOD_2003338.9/TOD/2003Central Library, BUET1017882014-09-282014-09-28General Book  12017-06-28Central Library, BUET 2016-01-30
  5 Circulation section2016-02-06338_000000000000000_9TOD2003338.9/TOD/2003Central Library, BUET1017892014-09-282014-09-28General Book    Central Library, BUET  
  6 Circulation section2015-01-20338_900000000000000_TOD_2003338.9/TOD/2003Central Library, BUET1017902015-01-202015-01-20General Book    Central Library, BUET